Development of structure of European businesses

Enregistré dans:
Détails bibliographiques
Auteur principal: Stašková, Slavomíra, 1989-
Format: Chapitre de livre
Langue:anglais
Sujets:
Tags: Ajouter un tag
Pas de tags, Soyez le premier à ajouter un tag!

MARC

LEADER 00000nla a2200000 4500
001 0225945
005 20240502073717.0
041 0 |a eng 
044 |a SK 
245 1 0 |a Development of structure of European businesses  |c Slavomíra Stašková 
500 |a Abstrakt 
610 2 0 |a podnik malý 
610 2 0 |a podnik stredný 
610 2 0 |a podnik veľký 
610 2 0 |a štruktúra podniku organizačná 
610 2 0 |a prostredie podnikateľské 
610 2 0 |a vývoj podniku 
610 2 0 |a fluktuácia 
610 2 0 |a Európska únia 
100 1 |a Stašková, Slavomíra, 1989-